| 000 | 04214cam a22006734i 4500 | ||
|---|---|---|---|
| 003 | PE-LiUPU | ||
| 005 | 20250731170430.0 | ||
| 008 | 150623s2003 ck r 000 0 spa d | ||
| 020 | _a9589400620 | ||
| 020 | _a9789589400623 | ||
| 035 | _a(Sirsi) i9789589400623 | ||
| 040 |
_aPE-LiUPU _bspa _cPE-LiUPU _dPE-LiUPU _erda |
||
| 049 | _aPRUA | ||
| 082 | 0 | 4 |
_a174.2 _bV41 _221 |
| 100 | 1 |
_aVélez Correa, Luis Alfonso, _eautor. |
|
| 245 | 1 | 0 |
_aÉtica médica : _binterrogantes acerca de la medicina, la vida y la muerte / _cLuis Alfonso Vélez Correa. |
| 250 | _a3a edición. | ||
| 264 | 1 |
_aMedellín, Colombia : _bCorporación para Investigaciones Biológicas, _c2003. |
|
| 300 |
_a306 páginas ; _c19 centímetros |
||
| 336 |
_atext _2rdacontent |
||
| 337 |
_aunmediated _2rdamedia |
||
| 338 |
_avolume _2rdacarrier |
||
| 505 | 0 | _aÉtica general -- Antropología médica: Naturaleza del ser humano -- La salud -- Enfermedad, dolor y sufrimiento -- Concepto de sufrimiento -- Naturaleza de la medicina -- Ser médico -- -Ética médica: Relación médico-paciente-sociedad -- Consentimiento informado -- Manipulación del paciente -- Secreto profesional - Colegio médico -- Medicina y beneficio económico -- Ética en la gestión de los servicios de salud -- Distribución y racionalización de los servicios de salud -- Placebos -- Investigación en seres humanos -- Manipulación genética -- Control de la natalidad -- Esterilización -- Inseminación y fecundación artificial -- Gestación subrogada -- Aborto -- Problemas éticos alrededor de la muerte -- El médico frente a la muerte -- Trasplantes -- -Bioética: Problemas éticos en el ejercicio de la medicina -- Bioética médica -- La fundamentación de la biótica -- Problemas bioéticos para el siglo XXI -- -Anexos: Juramento hipocrático -- Regulación de tiempo armado -- Declaración de Tokio (sobre la tortura) -- etc -- Salud - Concepto Control natal. | |
| 526 | _aSEG68 | ||
| 526 | _aSEG70 | ||
| 526 | _aSEG69 | ||
| 526 | _aSEG67 | ||
| 526 | _aSEG43 | ||
| 526 | _aP144 | ||
| 526 | _aP143 | ||
| 526 | _aP131 | ||
| 526 | _aP122 | ||
| 526 | _aP120 | ||
| 526 | _aP117 | ||
| 526 | _aP112 | ||
| 526 | _aP110 | ||
| 526 | _aP106 | ||
| 526 | _aP101 | ||
| 526 | _aP80 | ||
| 526 | _aP59 | ||
| 526 | _aP54 | ||
| 526 | _aP35 | ||
| 526 | _aP33 | ||
| 526 | _aP30 | ||
| 541 | _g001-0002458; | ||
| 650 | 0 | 4 | _aÉtica médica. |
| 650 | 0 | 4 |
_aÉtica profesional. _92497 |
| 942 |
_2ddc _cBOOK |
||
| 949 |
_a174.2 V41 2003 _wDEWEY _c1 _i50713 _lCCODEBUL1 _mBUL _p7.00 _r0 _sY _tBOOK _u2015-6-24 _xSALUD _PP22 _0COMPRA _o.CIRCNOTE. No olvidar cambiar la fecha de devolución!!!!!!! _o.STAFF. Colección Ciencias de la Salud |
||
| 949 |
_a174.2 V41 2003 _wDEWEY _c2 _i51358 _d2015-10-12 _lCCODEBUL1 _mBUL _p7.00 _q1 _r0 _sY _tBOOK _u2015-6-24 _xSALUD _PP22 _0COMPRA _o.CIRCNOTE. No olvidar cambiar la fecha de devolución!!!!!!! _o.STAFF. Colección Ciencias de la Salud |
||
| 949 |
_aPGS 174.2 V41 2003 _wDEWEY _c1 _i56814 _lCCODEBUL1 _mBUL _p7.00 _r0 _sY _tBOOK _u2015-6-24 _xSALUD _PP82 _0COMPRA _o.CIRCNOTE. No olvidar cambiar la fecha de devolución!!!!!!! _o.STAFF. Colección Ciencias de la Salud |
||
| 994 |
_aC0 _bPEPRU |
||
| 596 | _a1 | ||
| 999 |
_a174.2 V41 2003 _wDEWEY _c33074 _i50713 _d33074 _e2019-9-9 _f2021-11-3 _g5 _lCCODEBUL1 _mBUL _n2 _p7.00 _r0 _sY _tBOOK _u2015-6-24 _xSALUD _zP22 _0COMPRA _o.CIRCNOTE. No olvidar cambiar la fecha de devolución!!!!!!! _o.STAFF. Colección Ciencias de la Salud |
||
| 999 |
_a174.2 V41 2003 _wDEWEY _c2 _i51358 _d2015-10-12 _f2021-11-3 _g5 _lCCODEBUL1 _mBUL _p7.00 _q1 _r0 _sY _tBOOK _u2015-6-24 _xSALUD _zP22 _0COMPRA _o.CIRCNOTE. No olvidar cambiar la fecha de devolución!!!!!!! _o.STAFF. Colección Ciencias de la Salud |
||
| 999 |
_aPGS 174.2 V41 2003 _wDEWEY _c1 _i56814 _f2021-11-3 _g5 _lCCODEBUL1 _mBUL _p7.00 _r0 _sY _tBOOK _u2015-6-24 _xSALUD _zP82 _0COMPRA _o.CIRCNOTE. No olvidar cambiar la fecha de devolución!!!!!!! _o.STAFF. Colección Ciencias de la Salud |
||
| 980 |
_81 _gALBERTO SANCHEZ Responsable de Automatización |
||